00928nam a2200289Ia 450000500170000000800410001702000180005810000280007624500540010425000180015830000250017649000220020150000360022365000370025965000410029665000390033765000400037670000300041694200150044626400280046133600270048933700330051633800280054904000350057708400110061299900150062320220317001328.0161108s9999 sp g 000 0 spa  a97884953110091 aVerne, Juliod1828-190513aLa vuelta al mundo en ochenta díascJules Verne a5a. edición a283 páginasc19 cm aEl barco de papel aTraducido por Belén Rupérez142LEMBaNovela francesa ySiglo XX142LEMBaLiteratura francesa ySiglo XX142LEMBaAvenaturas en la literatura 142LEMB aViajes al rededor del mundo 1 aRupérez, Belén970774 2loccBKLIT aMadridbJorge A. Mestas atextobtxt2rdacontent asin mediaciónbn2rdamedia avolumenbnc2rdacarrier aCO-BoRNBPbspaerdacCO-BoRNBP aN VER2 c6633d6633